1503 1800 1842 1957 1026 1315 1040 1658 1115 1784 1308 1281 1653 1372 1003 1978 1884 1742 1847 1805 1363 1560 1977 1845 1989 1803 1059 1994 1719 1954 1576 1228 1709 1184 1669 1427 1109 1435 1204 1178 1908 1490 1066 1679 1848 1507 1564 1884 1706 1828 1057 1405 1241 1253 1119 1638 1413 1995 1611 1264 1307 1884 1507 1143 1835 1586 1225 1059 1832 1912 1745 1980 1679 1638 1649 1749 1674 1827 1398 1393 1941 1126 1971 1632 1499 1755 1094 1402 1709 1062 1943 1312 1443 1797 1108 1075 1169 1214 1387 BCNSPRNW ULIB Ver.6.0+V

เปลี่ยนเป็นภาษาไทย

Change to English
 แสดงรายละเอียดบรรณานุกรม
  กลับหน้าหลัก

Brief Record : Get Marc (ISO 2709) : E-mail record : QR code < ปิดหน้าต่าง
LEADER : 00000nam 2200000uu 4500
001    13399112966
003     ULIB
008    110920s2553||||th 000 0 tha d
020    9786165512183
060 04 WS342^bร924
245 00 โรคเด็กสมองพิการ =^bCerebral palsy /^cไพรัช ประสงค์จีน ...[และคนอื่นๆ]
246 31 Cerebral palsy
250    พิมพ์ครั้งที่ 1
260    กรุงเทพฯ :^bภาควิชาออร์โธปิดิกส์ คณะแพทยศาสตร์จุฬาลงกรณ์มหาวิทยาลัย,^c2553
300    674 หน้า :^bภาพประกอบ ;^c27 ซม.
650  4 สมองพิการ^xในวัยทารกและวัยเด็ก
650  4 เด็ก
700 0  ไพรัช ประสงค์จีน
710 2  จุฬาลงกรณ์มหาวิทยาลัย. ^bคณะแพทยศาสตร์.^bภาควิชาออร์โธปิดิกส์
945    ^p600^l0^i030591
945    ^p600^l0^i030592
945    ^p600^l0^i030593
945    ^p600^l0^i037553
945    ^p600^l0^i037554
945    ^p600^l0^i037555
945    ^p600^l0^i037556
945    ^p600^l0^i037557
945    ^p600^l0^i037558
945    ^p600^l0^i037559
945    ^p600^l0^i037560
995    กษร
999 ^a ทศพร
รายการนี้ยังไม่มีแท็ก
คุณยังไม่ได้ล็อกอิน คุณสามารถมีกิจกรรมร่วมกับเว็บไซต์ได้ แต่ต้องล็อกอินก่อน ::
  ล็อกอิน

รายการสื่อสารสนเทศ

ลำดับที่ ประเภท เลขเรียก/บาร์โค้ด สถานที่ สถานะ
1. วิทยาศาสตร์การแพทย์ และสุขภาพ
หนังสือสำรอง
สถานะ=หนังสือสำรอง
WS342 ร924 ฉ.1 
  Barcode: 030591
ห้องสมุดวิทยาเขตสวรรค์ประชารักษ์
►ส่วนจัดเก็บหนังสือเก่า สปร
บนชั้น
  ขอยืม
2. วิทยาศาสตร์การแพทย์ และสุขภาพ
วิทยาศาสตร์การแพทย์ และสุขภาพ
WS342 ร924 ฉ.10 
  Barcode: 037559
ห้องสมุดวิทยาเขตสวรรค์ประชารักษ์
►ส่วนจัดเก็บหนังสือเก่า สปร
บนชั้น
  ขอยืม
3. วิทยาศาสตร์การแพทย์ และสุขภาพ
วิทยาศาสตร์การแพทย์ และสุขภาพ
WS342 ร924 ฉ.11 
  Barcode: 037560
ห้องสมุดวิทยาเขตสวรรค์ประชารักษ์
►ส่วนจัดเก็บหนังสือเก่า สปร
บนชั้น
  ขอยืม
4. วิทยาศาสตร์การแพทย์ และสุขภาพ
วิทยาศาสตร์การแพทย์ และสุขภาพ
WS342 ร924 ฉ.2 
  Barcode: 030592
ห้องสมุดวิทยาเขตสวรรค์ประชารักษ์
►ส่วนจัดเก็บหนังสือเก่า สปร
บนชั้น
  ขอยืม
5. วิทยาศาสตร์การแพทย์ และสุขภาพ
วิทยาศาสตร์การแพทย์ และสุขภาพ
WS342 ร924 ฉ.3 
  Barcode: 030593
ห้องสมุดวิทยาเขตสวรรค์ประชารักษ์
►ส่วนจัดเก็บหนังสือเก่า สปร
บนชั้น
  ขอยืม
6. วิทยาศาสตร์การแพทย์ และสุขภาพ
วิทยาศาสตร์การแพทย์ และสุขภาพ
WS342 ร924 ฉ.4 
  Barcode: 037553
ห้องสมุดวิทยาเขตสวรรค์ประชารักษ์
►ส่วนจัดเก็บหนังสือเก่า สปร
บนชั้น
  ขอยืม
7. วิทยาศาสตร์การแพทย์ และสุขภาพ
วิทยาศาสตร์การแพทย์ และสุขภาพ
WS342 ร924 ฉ.5 
  Barcode: 037554
ห้องสมุดวิทยาเขตสวรรค์ประชารักษ์
►ส่วนจัดเก็บหนังสือเก่า สปร
บนชั้น
  ขอยืม
8. วิทยาศาสตร์การแพทย์ และสุขภาพ
วิทยาศาสตร์การแพทย์ และสุขภาพ
WS342 ร924 ฉ.6 
  Barcode: 037555
ห้องสมุดวิทยาเขตสวรรค์ประชารักษ์
►ส่วนจัดเก็บหนังสือเก่า สปร
บนชั้น
  ขอยืม
9. วิทยาศาสตร์การแพทย์ และสุขภาพ
วิทยาศาสตร์การแพทย์ และสุขภาพ
WS342 ร924 ฉ.7 
  Barcode: 037556
ห้องสมุดวิทยาเขตสวรรค์ประชารักษ์
►ส่วนจัดเก็บหนังสือเก่า สปร
บนชั้น
  ขอยืม
10. วิทยาศาสตร์การแพทย์ และสุขภาพ
วิทยาศาสตร์การแพทย์ และสุขภาพ
WS342 ร924 ฉ.8 
  Barcode: 037557
ห้องสมุดวิทยาเขตสวรรค์ประชารักษ์
►ส่วนจัดเก็บหนังสือเก่า สปร
บนชั้น
  ขอยืม
11. วิทยาศาสตร์การแพทย์ และสุขภาพ
วิทยาศาสตร์การแพทย์ และสุขภาพ
WS342 ร924 ฉ.9 
  Barcode: 037558
ห้องสมุดวิทยาเขตสวรรค์ประชารักษ์
►ส่วนจัดเก็บหนังสือเก่า สปร
บนชั้น
  ขอยืม

รายการใกล้เคียง
    หัวเรื่อง [เด็ก]

BibComment


ยังไม่เคยถูกคอมเมนท์

คอมเมนท์ทรัพยากรรายการนี้
  คอมเมนท์: โรคเด็กสมองพิการ ..


 Copyright 2026. Bcnsprnw @Library